| 000 | 00617nam a2200193 a 4500 | ||
|---|---|---|---|
| 005 | 20140310183157.0 | ||
| 008 | 021014s19uu xx 00 eng d | ||
| 020 | _a0195121597 | ||
| 050 |
_aHC 79.I55 _b.L83 1999 |
||
| 100 | _aLucas, Henry Jr. C. | ||
| 245 |
_aInformation technology and productivity paradox : _cHenry C. Lucas Jr. _bassessing the value of investing in IT / |
||
| 260 |
_aNew York : _bOxford University Press., _c1999. |
||
| 300 |
_a225 p. : _c23 cm. |
||
| 521 | _aIT | ||
| 650 |
_aInformation technology _xfinance. |
||
| 650 | _acapital investments. | ||
| 942 |
_cBK _2lcc _kFOR |
||
| 999 |
_c19784 _d19784 |
||